000
00298nam a2200133Ia 4500
100
_a
Lee/Kwyro
942
_c
RB
654
_a
semiconductor
245
_a
Semiconductor device Modeling for VLSI
260
_b
Prentice Hall
_c
1993
082
_a
621.3815
_b
LEE
300
_a
747
546
_a
ENGLISH
999
_c
18688
_d
18688